000 00594nam a22002297a 4500
003 UA-OsUOA
001 98823
007 ta
008 20130418b un ||||| |||| 00| 0 ukr d
100 _aРоблес Е.
090 _a821.133.1
_bР58
942 _cBK
040 _aUA-OsUOA
_bukr
_cUA-OsUOA
_dUA-OsUOA
245 _aІталійська весна
_bромани
300 _a303 с.
955 _a3
041 _aukr
080 _a821.133.1
260 _aК.
_bМолодь
_c1985
650 7 _a82 Література. Літературознавство
_2UDC
999 _c385043
_d385043